[Event "FIDE TURNIR 2014"]
[Site "Ljubljana"]
[Date "2014.06.04"]
[Round "8.12"]
[White "Vah, Denis"]
[Black "Tisler, Janez"]
[Result "0-1"]
[WhiteElo "1500"]
[BlackElo "1589"]
[PlyCount "84"]
[EventDate "2014.06.04"]

1. d4 Nf6 2. c4 g6 3. Nc3 Bg7 4. e4 O-O 5. e5 Ne8 6. f4 d6 7. Nf3 Nd7 8. Be3 c6
9. Qb3 Qb6 10. Bd3 Qxb3 11. axb3 Nc7 12. g4 f6 13. exf6 Nxf6 14. g5 Nh5 15. d5
c5 16. h4 Nxf4 17. Bxf4 Rxf4 18. Be2 Bg4 19. Kf2 Na6 20. Kg3 Raf8 21. Raf1 Nb4
22. Nh2 Rxf1 23. Bxf1 Bh5 24. Bh3 Nd3 25. Ra1 a6 26. Be6+ Kh8 27. Rf1 Be5+ 28.
Kg2 Nf4+ 29. Kh1 Nxe6 30. dxe6 Rxf1+ 31. Nxf1 Bg4 32. Kg2 Bxe6 33. Ne3 Bxc3 34.
bxc3 Kg7 35. Kf3 b5 36. cxb5 axb5 37. b4 h5 38. Nc2 Kf7 39. Na3 Bd7 40. Nc2
Bc6+ 41. Ke3 e5 42. Na3 Ke6 0-1

[Event "FIDE TURNIR 2014"]
[Site "Ljubljana"]
[Date "2014.06.04"]
[Round "8.13"]
[White "Tisaj, Domen"]
[Black "Kozarski, Aleksander"]
[Result "1-0"]
[WhiteElo "1588"]
[BlackElo "1557"]
[PlyCount "60"]
[EventDate "2014.06.04"]

1. d4 d5 2. e3 Nf6 3. Nf3 Nc6 4. b3 Bf5 5. Bd3 Bg6 6. Bb2 e6 7. O-O Bd6 8. Ne5
Nd7 9. f4 O-O 10. Bxg6 fxg6 11. Nd2 Ne7 12. c4 c6 13. Ndf3 Nf6 14. Qd3 Nf5 15.
Kh1 Ne4 16. Nd2 Bxe5 17. fxe5 Qh4 18. Kg1 Nxd2 19. Qxd2 Qe4 20. Rae1 Nh4 21.
Rf4 Rxf4 22. exf4 Qf5 23. Qf2 Qh5 24. cxd5 cxd5 25. h3 Rc8 26. g4 Qh6 27. Ba3
g5 28. Rc1 Rc6 29. Rxc6 bxc6 30. fxg5 Qxg5 1-0

[Event "FIDE TURNIR 2014"]
[Site "Ljubljana"]
[Date "2014.06.04"]
[Round "8.14"]
[White "Straze, Matija"]
[Black "Kaluza, Dominik"]
[Result "1-0"]
[WhiteElo "1604"]
[BlackElo "1564"]
[PlyCount "131"]
[EventDate "2014.06.04"]

1. e4 e5 2. Nf3 Nf6 3. Nc3 Nc6 4. Bb5 d6 5. O-O Bd7 6. h3 a6 7. Ba4 b5 8. Bb3
Be7 9. d3 h6 10. a3 O-O 11. Nd5 Nxd5 12. Bxd5 Rb8 13. c3 Qe8 14. d4 Be6 15.
Bxc6 Qxc6 16. d5 Bxd5 17. Qxd5 Qxd5 18. exd5 e4 19. Nd4 Rbc8 20. Nc6 Bf6 21.
Be3 Rfe8 22. Rfe1 Ra8 23. Re2 Be5 24. Nxe5 Rxe5 25. Bd4 Rxd5 26. Rxe4 c5 27.
Be3 c4 28. Rd4 Rxd4 29. Bxd4 d5 30. Re1 f6 31. Re6 Kf7 32. Rd6 Ke7 33. Bc5 Kf7
34. Rxd5 Re8 35. Kf1 Ke6 36. Rd6+ Ke5 37. Rxa6 Kd5 38. Bd4 Rb8 39. f3 h5 40.
Ra7 Rg8 41. Rc7 Kd6 42. Rc5 Rb8 43. Rxh5 Ke6 44. Kf2 Kd6 45. g4 Ke6 46. g5 Ke7
47. Rh7 fxg5 48. Rxg7+ Ke6 49. Rxg5 Kd6 50. Be5+ Kd5 51. Bxb8+ Kc6 52. Ke3 Kb6
53. Bc7+ Kxc7 54. Rg6 Kd7 55. Ke4 Kc7 56. Kd5 Kb7 57. Kc5 Ka7 58. Kxb5 Kb7 59.
Rg7+ Kc8 60. Kc6 Kd8 61. Ra7 Ke8 62. Kd6 Kf8 63. Ke6 Kg8 64. Kf6 Kh8 65. Kg6
Kg8 66. Ra8# 1-0

[Event "FIDE TURNIR 2014"]
[Site "Ljubljana"]
[Date "2014.06.04"]
[Round "8.15"]
[White "Drobnic, Simona"]
[Black "Vujic, Nikola"]
[Result "0-1"]
[WhiteElo "1412"]
[BlackElo "1500"]
[PlyCount "120"]
[EventDate "2014.06.04"]

1. e4 e5 2. Nf3 Nc6 3. Bb5 d6 4. O-O Nf6 5. Re1 a6 6. Ba4 b5 7. Bb3 Bb7 8. c3
Na5 9. Bc2 d5 10. exd5 Bd6 11. Nxe5 O-O 12. b4 Nc4 13. Nxc4 bxc4 14. d3 Bxd5
15. dxc4 Bxc4 16. Bg5 h6 17. Bh4 g5 18. Bg3 Bxg3 19. hxg3 Qxd1 20. Rxd1 Rfe8
21. Nd2 Re2 22. Nxc4 Rxc2 23. Rdc1 Re2 24. a4 Ne4 25. Re1 Nxc3 26. Rxe2 Nxe2+
27. Kf1 Nc3 28. a5 Rb8 29. Rc1 Na2 30. Rc2 Nxb4 31. Rc1 Rb5 32. Ne3 Rxa5 33.
Rxc7 Ra1+ 34. Ke2 a5 35. Ra7 a4 36. Nc4 Nc2 37. Kd2 Ra2 38. Kc3 Ne1 39. f4 Rxg2
40. Rxa4 Rxg3+ 41. Kd4 Rg4 42. Ke3 Rxf4 43. Ra8+ Kg7 44. Ne5 Ng2+ 45. Ke2 Re4+
46. Kf2 Rxe5 47. Kxg2 h5 48. Ra1 h4 49. Rh1 f5 50. Kf2 Kg6 51. Kg2 Kh5 52. Kf3
Re4 53. Kf2 g4 54. Kg2 f4 55. Kf2 Re3 56. Kg2 h3+ 57. Kf2 g3+ 58. Kg1 Kg4 59.
Kf1 g2+ 60. Kg1 Re1+ 0-1

[Event "FIDE TURNIR 2014"]
[Site "Ljubljana"]
[Date "2014.06.04"]
[Round "8.16"]
[White "Bajt, Ales"]
[Black "Piciga, Aleksander"]
[Result "0-1"]
[WhiteElo "1292"]
[BlackElo "1392"]
[PlyCount "52"]
[EventDate "2014.06.04"]

1. e4 e6 2. Nf3 d5 3. exd5 exd5 4. Be2 Bd6 5. O-O Ne7 6. d4 O-O 7. Bg5 Re8 8.
Nc3 c6 9. Qd3 f6 10. Bh4 Bf5 11. Qd1 Ng6 12. Bd3 Bxd3 13. Qxd3 Nd7 14. Bg3 Bxg3
15. hxg3 Qb6 16. b3 Re7 17. Kh2 Rae8 18. Rh1 Qc7 19. Kg1 Ndf8 20. Kf1 Qd7 21.
Re1 Rxe1+ 22. Nxe1 Qg4 23. Nf3 Ne6 24. Nd1 Ng5 25. Ne3 Nxf3 26. Nxg4 Re1# 0-1

[Event "FIDE TURNIR 2014"]
[Site "Ljubljana"]
[Date "2014.06.03"]
[Round "8.17"]
[White "Bajt, Hana"]
[Black "Siraj, Vita"]
[Result "1-0"]
[WhiteElo "1396"]
[BlackElo "1639"]
[PlyCount "49"]
[EventDate "2014.06.04"]

1. e4 e5 2. Nf3 Nc6 3. Bc4 Nf6 4. d3 Bc5 5. c3 d5 6. exd5 Nxd5 7. b4 Bb6 8. a4
a6 9. Ba3 Bg4 10. h3 Bh5 11. Qb3 Nce7 12. Nbd2 c6 13. O-O Bc7 14. Rfe1 Nf6 15.
b5 Rb8 16. Nxe5 O-O 17. Nxf7 Bxf7 18. Bxf7+ Rxf7 19. Rxe7 Nd5 20. Rxf7 Kxf7 21.
Re1 Qg5 22. Re7+ Kg6 23. Re6+ Nf6 24. Ne4 h6 25. Nxg5 1-0

[Event "FIDE TURNIR 2014"]
[Site "Ljubljana"]
[Date "2014.06.04"]
[Round "8.18"]
[White "Malkoc, Patrik"]
[Black "Groselj, Kaja"]
[Result "0-1"]
[WhiteElo "1189"]
[BlackElo "1396"]
[PlyCount "88"]
[EventDate "2014.06.04"]

1. d4 d5 2. c4 e6 3. Nc3 Nf6 4. Bg5 Be7 5. e3 Nc6 6. cxd5 exd5 7. g3 h6 8. Bxf6
Bxf6 9. Bg2 Be6 10. Nge2 O-O 11. Nf4 Ne7 12. Qb3 c6 13. Rb1 Rb8 14. Na4 Bf5 15.
Rc1 Qa5+ 16. Nc3 Rfc8 17. Qa4 Qb6 18. Qb3 Qa5 19. Qa3 Qb6 20. Qb3 Qa5 21. Qa4
Qb6 22. Qb3 Qc7 23. Ncxd5 Nxd5 24. Nxd5 Qa5+ 25. Nc3 Be6 26. Qd1 Qb4 27. Qd2
Bc4 28. Ne4 Qa4 29. Nd6 Be7 30. b3 Qa3 31. Rxc4 Qxd6 32. O-O Qf6 33. e4 Re8 34.
e5 Qf5 35. Re1 Bg5 36. f4 Bd8 37. Rb4 Ba5 38. Be4 Qd7 39. Rc1 Bxb4 40. Qxb4 Qe7
41. Qxe7 Rxe7 42. Rc4 Rd8 43. Ra4 a6 44. Rc4 Red7 0-1

[Event "FIDE TURNIR 2014"]
[Site "Ljubljana"]
[Date "2014.06.04"]
[Round "8.19"]
[White "Novak, Anze"]
[Black "Vertacnik, Viktor"]
[Result "1/2-1/2"]
[WhiteElo "1677"]
[BlackElo "1600"]
[PlyCount "38"]
[EventDate "2014.06.04"]

1. d4 d5 2. c4 e6 3. Nc3 Nf6 4. Nf3 b6 5. g3 Bb7 6. Bg2 Be7 7. O-O O-O 8. b3
Nbd7 9. Bb2 Rc8 10. cxd5 Nxd5 11. Nxd5 Bxd5 12. Nd2 Bxg2 13. Kxg2 Bf6 14. f4 c5
15. e3 cxd4 16. exd4 Nb8 17. Nc4 Qd5+ 18. Qf3 Rfd8 19. Qxd5 Rxd5 1/2-1/2

[Event "FIDE TURNIR 2014"]
[Site "Ljubljana"]
[Date "2014.06.04"]
[Round "8.20"]
[White "Jereb, Lana"]
[Black "Paternoster, Janez"]
[Result "1-0"]
[WhiteElo "1506"]
[BlackElo "1575"]
[PlyCount "147"]
[EventDate "2014.06.04"]

1. e4 c6 2. d4 d5 3. exd5 cxd5 4. Nf3 Nc6 5. Bd3 Nf6 6. c3 g6 7. O-O Bg7 8. Re1
O-O 9. Nbd2 Re8 10. Qc2 Qd6 11. h3 Bd7 12. Nf1 e5 13. dxe5 Nxe5 14. Nxe5 Rxe5
15. Rxe5 Qxe5 16. Be3 Rc8 17. Bxa7 Qd6 18. Bd4 Nh5 19. Bxg7 Kxg7 20. Qd2 Nf4
21. Re1 Nxd3 22. Qxd3 Bf5 23. Qd4+ Kg8 24. Ne3 Be6 25. Rd1 Rd8 26. c4 Bc8 27.
Qxd5 Qxd5 28. Rxd5 Re8 29. a3 Be6 30. Re5 Rc8 31. b3 Kg7 32. Rb5 Rb8 33. Rb6
Kf6 34. Kf1 Ke5 35. Ke2 Kd4 36. Kd2 Bd7 37. Rd6+ Ke5 38. Rxd7 Ke6 39. Rd5 h5
40. Rb5 Kd6 41. Nd5 Kc6 42. Kc3 Ra8 43. a4 Re8 44. Kd2 Re6 45. Rb6+ Kc5 46.
Rxe6 fxe6 47. Ne7 g5 48. Kc3 Kd6 49. Nc8+ Kc7 50. Na7 Kb6 51. Nb5 Kc5 52. Nd4
Kd6 53. b4 e5 54. Nf5+ Kd7 55. b5 b6 56. Kb4 h4 57. a5 Kc7 58. axb6+ Kxb6 59.
c5+ Kb7 60. Ka5 Kc7 61. Ka6 Kb8 62. Kb6 Kc8 63. Ka7 e4 64. b6 Kd7 65. b7 Ke6
66. Ne3 Ke5 67. b8=Q+ Kd4 68. Qb4+ Kd3 69. Qc4+ Kd2 70. Qc2+ Ke1 71. c6 g4 72.
Nxg4 e3 73. fxe3 Kf1 74. Qf2# 1-0

[Event "FIDE TURNIR 2014"]
[Site "Ljubljana"]
[Date "2014.06.04"]
[Round "8.21"]
[White "Koderman, Maj"]
[Black "Jelen, Miha"]
[Result "0-1"]
[WhiteElo "1500"]
[BlackElo "1533"]
[PlyCount "64"]
[EventDate "2014.06.04"]

1. e4 e5 2. Nf3 Nc6 3. Bc4 Nf6 4. Nc3 Nxe4 5. Nxe4 d5 6. Bxd5 Qxd5 7. Qe2 Bd6
8. c3 O-O 9. O-O Bf5 10. d3 h6 11. Re1 Bxe4 12. Qxe4 Qxe4 13. dxe4 Rad8 14. Be3
f5 15. exf5 Rxf5 16. Nh4 Rh5 17. Ng6 Kh7 18. g4 Rh3 19. Kg2 Rxe3 20. Rxe3 Kxg6
21. Rae1 Ne7 22. f4 exf4 23. Re6+ Kf7 24. c4 Nc6 25. R6e2 f3+ 26. Kxf3 Nd4+ 27.
Kg2 Nxe2 28. Rxe2 Re8 29. Rf2+ Kg6 30. h4 Re4 31. Kh3 Re3+ 32. Kg2 Rg3+ 0-1

[Event "FIDE TURNIR 2014"]
[Site "Ljubljana"]
[Date "2014.06.02"]
[Round "8.22"]
[White "Drobnic, Rok"]
[Black "Hvala, Arja Ela"]
[Result "1/2-1/2"]
[WhiteElo "1196"]
[BlackElo "1538"]
[PlyCount "172"]
[EventDate "2014.06.04"]

1. e4 e6 2. d4 d5 3. exd5 exd5 4. Nf3 Nf6 5. Be2 Bb4+ 6. Bd2 Bxd2+ 7. Nbxd2 O-O
8. O-O Nc6 9. Nb3 Bg4 10. Re1 Bxf3 11. Bxf3 Re8 12. Qd2 Rxe1+ 13. Rxe1 h6 14.
a3 Nd7 15. Bxd5 Qg5 16. Qxg5 hxg5 17. Bxc6 bxc6 18. Re7 Rd8 19. Na5 Nf6 20.
Nxc6 Rd6 21. Rxc7 a6 22. c3 Re6 23. g3 Ne8 24. Rc8 Kh7 25. Ne5 f6 26. Nf3 g4
27. Nd2 Nd6 28. Rc6 a5 29. Nb3 Re1+ 30. Kg2 Ne4 31. Nc5 Nd2 32. h3 gxh3+ 33.
Kxh3 Kh6 34. Nd3 Rd1 35. Nf4 Rb1 36. Rc5 g6 37. Rb5 Ne4 38. Kg2 g5 39. Nd5 f5
40. Ne7 f4 41. gxf4 gxf4 42. d5 Rd1 43. Rxa5 Rd2 44. Rb5 Rxf2+ 45. Kg1 Rc2 46.
Nf5+ Kg6 47. Ne7+ Kf6 48. Nc8 f3 49. Rb6+ Ke5 50. Ne7 f2+ 51. Kg2 Rc1 52. Re6+
Kf4 53. Ng6+ Ke3 54. Rxe4+ Kxe4 55. Kxf2 Rc2+ 56. Kg3 Rxb2 57. d6 Rb7 58. Kf2
Rd7 59. Nh4 Rxd6 60. c4 Rc6 61. Ng2 Rxc4 62. Nh4 Ra4 63. Nf3 Rxa3 64. Nd2+ Kd3
65. Nf1 Ra2+ 66. Kf3 Ra4 67. Ng3 Kd2 68. Ne4+ Ke1 69. Ng3 Rh4 70. Ne4 Kf1 71.
Ng3+ Kg1 72. Ne2+ Kh2 73. Nf4 Rh6 74. Ke4 Kg3 75. Ne2+ Kg2 76. Nf4+ Kh2 77. Kf5
Kg3 78. Ne2+ Kf3 79. Nd4+ Ke3 80. Ne6 Rh5+ 81. Kf6 Ke4 82. Ng5+ Kf4 83. Ne6+
Kg4 84. Ke7 Kf5 85. Ng7+ Kg6 86. Nxh5 Kxh5 1/2-1/2

[Event "FIDE TURNIR 2014"]
[Site "Ljubljana"]
[Date "2014.06.04"]
[Round "8.23"]
[White "Hvala, Inja Ajda"]
[Black "Trplan, Filip"]
[Result "0-1"]
[WhiteElo "1519"]
[BlackElo "1243"]
[PlyCount "62"]
[EventDate "2014.06.04"]

1. e4 c5 2. Nf3 Nc6 3. d4 cxd4 4. Nxd4 g6 5. Nxc6 bxc6 6. Bd2 Bg7 7. Bc3 Nf6 8.
e5 Nd5 9. Bd4 c5 10. Bxc5 Qa5+ 11. b4 Nxb4 12. Bxb4 Qxb4+ 13. c3 Qb2 14. Nd2
O-O 15. g3 Qxc3 16. Bg2 Qxe5+ 17. Ne4 d5 18. Qe2 dxe4 19. Rb1 Bf5 20. f4 Qc3+
21. Kf1 Rad8 22. Rd1 Rxd1+ 23. Qxd1 Qd3+ 24. Qe2 Qxe2+ 25. Kxe2 Bg4+ 26. Ke3
Bc8 27. Rb1 f5 28. h3 Rd8 29. Bf1 Bd4+ 30. Kd2 Bf2+ 31. Ke2 e3 0-1

[Event "FIDE TURNIR 2014"]
[Site "Ljubljana"]
[Date "2014.06.10"]
[Round "8.24"]
[White "Zaloznik, Vesna"]
[Black "Adamic, Nejc"]
[Result "0-1"]
[WhiteElo "1594"]
[BlackElo "1500"]
[PlyCount "74"]
[EventDate "2014.06.04"]

1. e4 e5 2. Nf3 Nc6 3. Bc4 Bc5 4. c3 Nf6 5. d4 exd4 6. cxd4 O-O 7. dxc5 Re8 8.
Nc3 d6 9. Bg5 Ne5 10. Nxe5 Rxe5 11. f4 Bg4 12. Qb3 Re7 13. Bxf6 gxf6 14. O-O
dxc5 15. Nd5 Rxe4 16. Rae1 Rxe1 17. Rxe1 Be6 18. Qg3+ Kf8 19. Qh4 Kg7 20. Qh5
Bxd5 21. Bxd5 Qd7 22. Be4 Qd4+ 23. Kh1 Rh8 24. Qg4+ Kh6 25. Qh4+ Kg7 26. Bxb7
Qxb2 27. Be4 c4 28. h3 c3 29. Qg4+ Kh6 30. Qd1 Rg8 31. Re2 Qb4 32. Qc1 Re8 33.
f5+ Kg7 34. Qc2 c5 35. Re3 Qd4 36. Rg3+ Kf8 37. Bc6 Re1+ 0-1

[Event "FIDE TURNIR 2014"]
[Site "Ljubljana"]
[Date "2014.06.04"]
[Round "8.25"]
[White "Jersic, Aleks"]
[Black "Varga, Ivan"]
[Result "0-1"]
[WhiteElo "1538"]
[BlackElo "1461"]
[PlyCount "100"]
[EventDate "2014.06.04"]

1. e4 e6 2. d4 d5 3. e5 Nc6 4. Nf3 Bd7 5. Nc3 a6 6. Bd3 Nb4 7. O-O Ne7 8. a3
Nbc6 9. Bg5 h6 10. Bd2 g5 11. h3 Rg8 12. Nh2 Nxd4 13. Ng4 Bg7 14. Ne4 dxe4 15.
Bxe4 Bc6 16. Bxc6+ Nexc6 17. Be3 Nf5 18. Qxd8+ Rxd8 19. Rad1 Nxe5 20. Nxe5 Bxe5
21. Rxd8+ Kxd8 22. Rd1+ Kc8 23. Bc1 Nd4 24. c3 Ne2+ 25. Kf1 Nxc1 26. Rxc1 Bd6
27. Rd1 b5 28. Rd4 h5 29. f3 h4 30. Ke2 Rd8 31. Ke3 Bf4+ 32. Kd3 Rxd4+ 33. cxd4
Kd7 34. b3 a5 35. a4 bxa4 36. bxa4 Kc6 37. Ke4 Bg3 38. Kd3 Bf2 39. Kc3 Be1+ 40.
Kd3 Kd5 41. Ke3 f5 42. Kd3 Bb4 43. Ke2 Kxd4 44. Kd1 Kd3 45. Kc1 c5 46. Kd1 c4
47. Kc1 Bd2+ 48. Kb1 c3 49. Ka2 c2 50. Kb3 c1=Q 0-1

[Event "FIDE TURNIR 2014"]
[Site "Ljubljana"]
[Date "2014.06.04"]
[Round "8.26"]
[White "Paternoster, Darja"]
[Black "Zupanic Leksan, Uros"]
[Result "0-1"]
[WhiteElo "1513"]
[BlackElo "1550"]
[PlyCount "118"]
[EventDate "2014.06.04"]

1. e4 e5 2. Nf3 Nc6 3. Bc4 Bc5 4. d3 Nf6 5. Ng5 O-O 6. O-O h6 7. Nf3 d6 8. h3
Nh7 9. Re1 Qf6 10. Re2 Qg6 11. Kh2 Ng5 12. Ng1 Qh5 13. Bxg5 hxg5 14. Re1 Qh6
15. Qf3 Nb4 16. Re2 a6 17. c3 Nc6 18. Nd2 b5 19. Bd5 Bb7 20. b4 Bb6 21. c4 bxc4
22. Nxc4 Rab8 23. a4 Nxb4 24. Nxb6 cxb6 25. Bc4 Ra8 26. a5 b5 27. Ba2 Bc8 28.
Rb1 Nxa2 29. Rxa2 Be6 30. Rc2 f6 31. Rc6 Bf7 32. Rxd6 Bh5 33. Qf5 Rad8 34. Rxa6
Rxd3 35. Rb6 Bg6 36. Qg4 Rd2 37. Qf3 Rfd8 38. Qb3+ Kh7 39. Nf3 Rxf2 40. Rxb5
Bxe4 41. Rb8 Bxf3 42. Rb2 Rxb8 43. Qd3+ Qg6 44. Qxg6+ Kxg6 45. Rxb8 Rxg2+ 46.
Kh1 Rb2+ 47. Kg1 Rxb8 48. Kf2 Bc6 49. Kg3 e4 50. Kf2 Rb3 51. Kg2 e3+ 52. Kg3
e2+ 53. Kf2 Bb5 54. Ke1 Rb1+ 55. Kd2 e1=Q+ 56. Kc2 Rc1+ 57. Kb2 Qd2+ 58. Kb3
Rb1+ 59. Ka3 Qb2# 0-1

[Event "FIDE TURNIR 2014"]
[Site "Ljubljana"]
[Date "2014.06.04"]
[Round "8.27"]
[White "Jelen, Anja"]
[Black "Siraj, Svit"]
[Result "1-0"]
[WhiteElo "1550"]
[BlackElo "1525"]
[PlyCount "57"]
[EventDate "2014.06.04"]

1. e4 e5 2. Nf3 Nc6 3. Nc3 Nf6 4. d4 exd4 5. Nxd4 Bb4 6. Nxc6 bxc6 7. Bd3 d5 8.
exd5 Nxd5 9. O-O Nxc3 10. bxc3 Bxc3 11. Rb1 Qh4 12. Ba3 Be5 13. g3 Qf6 14. Re1
Be6 15. Rb7 Bd5 16. Rxc7 Rb8 17. Be4 Bxc7 18. Bxd5+ Kd8 19. Bxc6+ Kc8 20. Qg4+
Kd8 21. Rd1+ Qd6 22. Bxd6 Bxd6 23. Rxd6+ Ke7 24. Qd7+ Kf8 25. Qc7 Rb1+ 26. Kg2
g6 27. Qd8+ Kg7 28. Qf6+ Kh6 29. Qxh8 1-0

[Event "FIDE TURNIR 2014"]
[Site "Ljubljana"]
[Date "2014.06.10"]
[Round "8.28"]
[White "Zaloznik S., Gal"]
[Black "Ocepek, Jan"]
[Result "0-1"]
[WhiteElo "1500"]
[BlackElo "1342"]
[PlyCount "56"]
[EventDate "2014.06.04"]

1. e4 c5 2. Bc4 d6 3. Nf3 e6 4. Nc3 Nc6 5. O-O Nf6 6. d4 cxd4 7. Nxd4 a6 8. Re1
Be7 9. Qf3 Nxd4 10. Qd3 Nc6 11. Qf3 O-O 12. Qg3 Kh8 13. Bd3 Ne5 14. Rd1 Nxd3
15. Rxd3 b5 16. e5 Ne8 17. Qg4 Qc7 18. Rg3 dxe5 19. Bh6 gxh6 20. Qh5 Bg5 21.
Rh3 Bb7 22. a4 Qc6 23. f3 b4 24. Ne4 Be3+ 25. Kh1 Qxc2 26. Rg3 Bxe4 27. fxe4
Qxe4 28. Re1 Nf6 0-1

[Event "FIDE TURNIR 2014"]
[Site "Ljubljana"]
[Date "2014.06.11"]
[Round "9.1"]
[White "Kmetic, Val"]
[Black "Unuk, Laura"]
[Result "0-1"]
[WhiteElo "1470"]
[BlackElo "2046"]
[PlyCount "60"]
[EventDate "2014.06.11"]

1. e4 d5 2. exd5 Qxd5 3. Nc3 Qd6 4. Bc4 Nf6 5. d4 a6 6. Nf3 b5 7. Bd3 Bb7 8.
O-O e6 9. Be3 Be7 10. Nb1 Ng4 11. Nbd2 Nd7 12. a4 c6 13. h3 Nxe3 14. fxe3 e5
15. Qe2 O-O 16. dxe5 Nxe5 17. Ne4 Qd5 18. Rad1 Nxd3 19. Qxd3 Rad8 20. axb5 cxb5
21. Qxd5 Bxd5 22. Nc3 Bc4 23. Rf2 b4 24. Rxd8 Rxd8 25. Ne4 Rd1+ 26. Kh2 f5 27.
Ng3 Bd6 28. Nd4 g6 29. h4 Re1 30. Rf3 Bd5 0-1

[Event "FIDE TURNIR 2014"]
[Site "Ljubljana"]
[Date "2014.06.17"]
[Round "9.2"]
[White "Cerkvenik, Simon"]
[Black "Markosek, Maj"]
[Result "1/2-1/2"]
[WhiteElo "1708"]
[BlackElo "1702"]
[PlyCount "42"]
[EventDate "2014.06.11"]

1. e4 c6 2. c4 d5 3. cxd5 cxd5 4. exd5 Qxd5 5. Nc3 Qd8 6. Nf3 Nf6 7. Bc4 e6 8.
O-O Be7 9. d4 O-O 10. Re1 Nbd7 11. Bb3 Nb6 12. Bg5 Re8 13. Qd3 Nfd5 14. Nxd5
Nxd5 15. Bxe7 Rxe7 16. Qe4 Nf6 17. Qh4 Rd7 18. Rad1 Nd5 19. Qe4 Nf6 20. Qh4 Nd5
21. Qe4 Nf6 1/2-1/2

[Event "FIDE TURNIR 2014"]
[Site "Ljubljana"]
[Date "2014.06.11"]
[Round "9.3"]
[White "Sketa, Mark"]
[Black "More, Erlend"]
[Result "1/2-1/2"]
[WhiteElo "1660"]
[BlackElo "1693"]
[PlyCount "84"]
[EventDate "2014.06.11"]

1. e4 c6 2. d4 d5 3. Nd2 dxe4 4. Nxe4 Bf5 5. Ng3 Bg6 6. Nf3 Nd7 7. Bd3 Bxd3 8.
Qxd3 Ngf6 9. O-O e6 10. Re1 Be7 11. Qb3 Qb6 12. Ng5 Qxb3 13. axb3 O-O 14. Bd2
Bd6 15. N5e4 Nxe4 16. Nxe4 Be7 17. Bf4 c5 18. Red1 cxd4 19. Rxd4 Nb6 20. c4
Rfd8 21. Rad1 Rxd4 22. Rxd4 Rc8 23. Nd6 Bxd6 24. Rxd6 Kf8 25. Bd2 Ke8 26. Bc3
g6 27. f3 Rd8 28. Rxd8+ Kxd8 29. Kf2 f5 30. Ke3 Ke7 31. Kf4 Nd7 32. Kg5 Kf7 33.
Bd4 a6 34. Kf4 h5 35. b4 Ke7 36. h4 Kf7 37. Bc3 Ke7 38. Be5 Kf7 39. Bd4 Ke7 40.
Be5 Kf7 41. Bc3 Ke7 42. c5 Kf7 1/2-1/2

[Event "FIDE TURNIR 2014"]
[Site "Ljubljana"]
[Date "2014.06.11"]
[Round "9.4"]
[White "Drobnic, Milan"]
[Black "Urh, Zala"]
[Result "1-0"]
[WhiteElo "1816"]
[BlackElo "1570"]
[PlyCount "95"]
[EventDate "2014.06.11"]

1. c4 e6 2. g3 d5 3. Bg2 Nf6 4. Nf3 Be7 5. O-O O-O 6. b3 c5 7. e3 Nc6 8. cxd5
exd5 9. d4 b6 10. Bb2 Bb7 11. Nc3 Re8 12. Rc1 Rc8 13. dxc5 Bxc5 14. Na4 Ne4 15.
Nxc5 Nxc5 16. Nd4 f6 17. Nf5 Ne7 18. Bh3 Rc7 19. Nd4 Bc8 20. Bg2 Ba6 21. Re1
Nd3 22. Rxc7 Qxc7 23. Qg4 Bc8 24. Ne6 Bxe6 25. Qxe6+ Kf8 26. Ba3 Nc5 27. Qh3
Kg8 28. Rd1 Qe5 29. Bxc5 bxc5 30. Qd7 Kf8 31. Bxd5 Nxd5 32. Qxd5 Qc3 33. Qd2
Qxd2 34. Rxd2 Ke7 35. Kf1 Rc8 36. Ke2 g6 37. Kd3 Kd6 38. Kc4+ Kc6 39. Rd5 Kb6
40. Rd6+ Kb7 41. Rxf6 Rc7 42. e4 Re7 43. f3 Rc7 44. f4 Re7 45. e5 Rc7 46. Rd6
a5 47. a4 g5 48. f5 1-0

[Event "FIDE TURNIR 2014"]
[Site "Ljubljana"]
[Date "2014.06.11"]
[Round "9.5"]
[White "Subelj, Jan"]
[Black "Jovanovski, Vangel"]
[Result "1-0"]
[WhiteElo "1611"]
[BlackElo "1668"]
[PlyCount "66"]
[EventDate "2014.06.11"]

1. e4 d5 2. exd5 Qxd5 3. Nc3 Qa5 4. d4 c6 5. Nf3 Bf5 6. Bd3 Bg4 7. Bd2 Qc7 8.
h3 Bh5 9. Ne4 Nd7 10. Ng3 Bg6 11. Bc3 Ngf6 12. O-O Nd5 13. Re1 e6 14. Be4 Nxc3
15. bxc3 Nf6 16. Bxg6 hxg6 17. Ne5 Bd6 18. f4 Nd5 19. Qf3 O-O-O 20. c4 Nf6 21.
c5 Bxe5 22. dxe5 Nd5 23. Ne4 Rh4 24. Nd6+ Rxd6 25. cxd6 Qb6+ 26. Qf2 Rxf4 27.
Qxb6 axb6 28. Rf1 Rxf1+ 29. Rxf1 f5 30. g4 Ne3 31. Rf3 Nc4 32. gxf5 exf5 33. e6
Nxd6 1-0

[Event "FIDE TURNIR 2014"]
[Site "Ljubljana"]
[Date "2014.06.10"]
[Round "9.6"]
[White "Mlacnik, Janez"]
[Black "Tisler, Janez"]
[Result "1-0"]
[WhiteElo "1866"]
[BlackElo "1589"]
[PlyCount "44"]
[EventDate "2014.06.11"]

1. e4 c5 2. Nf3 d6 3. d4 cxd4 4. c3 dxc3 5. Nxc3 e6 6. Bc4 Be7 7. Qe2 a6 8. O-O
Bd7 9. Rd1 Nc6 10. Bf4 Qc7 11. Rac1 Rc8 12. Bb3 b5 13. Nd5 Qb8 14. Nxe7 Ngxe7
15. Bxd6 Qb7 16. Qd2 Rd8 17. Qg5 Ng6 18. h4 f6 19. Qg4 Kf7 20. h5 Nge7 21. e5
Na5 22. Bxe7 Kxe7 1-0

[Event "FIDE TURNIR 2014"]
[Site "Ljubljana"]
[Date "2014.06.11"]
[Round "9.7"]
[White "Bogataj, Tomaz"]
[Black "Siraj, Anej"]
[Result "1/2-1/2"]
[WhiteElo "1697"]
[BlackElo "1427"]
[PlyCount "65"]
[EventDate "2014.06.11"]

1. d4 d5 2. e3 e6 3. c4 Nf6 4. Nc3 Bb4 5. Nf3 c6 6. Bd3 dxc4 7. Bxc4 b5 8. Bd3
a6 9. Qc2 Bb7 10. Bd2 c5 11. O-O O-O 12. a3 Bxc3 13. Bxc3 Bxf3 14. gxf3 cxd4
15. Bxd4 Nbd7 16. Kh1 Rc8 17. Qe2 e5 18. Bc3 Nc5 19. Bf5 Rc6 20. Bxe5 Qd5 21.
Bxf6 Rxf6 22. Bg4 h5 23. Rad1 Qg5 24. Bh3 Qh4 25. Bg2 Rg6 26. Rd4 Qg5 27. Rg1
Nb3 28. Rdd1 Qh4 29. f4 Re8 30. Rd7 Qxf4 31. Qd1 Qxf2 32. Qxb3 Rxg2 33. Rxg2
1/2-1/2

[Event "FIDE TURNIR 2014"]
[Site "Ljubljana"]
[Date "2014.06.11"]
[Round "9.8"]
[White "Straze, Matija"]
[Black "Tisaj, Domen"]
[Result "1-0"]
[WhiteElo "1604"]
[BlackElo "1588"]
[PlyCount "97"]
[EventDate "2014.06.11"]

1. e4 c5 2. c4 Nc6 3. Nf3 d6 4. d4 cxd4 5. Nxd4 Nf6 6. Nc3 a6 7. Be2 g6 8. O-O
Bg7 9. Be3 O-O 10. f3 Bd7 11. Qd2 Rc8 12. Rac1 Qc7 13. b3 e6 14. Rfd1 Rfd8 15.
Nxc6 Bxc6 16. Bf4 Qb6+ 17. Qe3 Qxe3+ 18. Bxe3 Rd7 19. Rd2 Ne8 20. Rd3 f5 21.
exf5 gxf5 22. Rcd1 e5 23. Nd5 Rf7 24. Bg5 Bxd5 25. Rxd5 f4 26. g3 h6 27. Bh4
fxg3 28. hxg3 Bf6 29. Bxf6 Rxf6 30. Kg2 Rc7 31. Rf1 Rcf7 32. c5 Re7 33. Bc4 Kg7
34. Re1 dxc5 35. Rdxe5 Rxe5 36. Rxe5 Nd6 37. Rxc5 Nxc4 38. Rxc4 b5 39. Rc7+ Kg6
40. f4 Rd6 41. Kf3 Rd3+ 42. Kg4 Rd6 43. Rc8 Rf6 44. f5+ Kf7 45. Rc7+ Ke8 46.
Rg7 Rf8 47. Rg6 h5+ 48. Kxh5 a5 49. Rb6 1-0

[Event "FIDE TURNIR 2014"]
[Site "Ljubljana"]
[Date "2014.06.11"]
[Round "9.9"]
[White "Lavrih, Domen"]
[Black "Unuk, Robert"]
[Result "1/2-1/2"]
[WhiteElo "1439"]
[BlackElo "1499"]
[PlyCount "46"]
[EventDate "2014.06.11"]

1. e4 e5 2. Nf3 Nc6 3. Nc3 Nf6 4. d4 exd4 5. Nd5 Nxe4 6. Qe2 f5 7. g4 Ne7 8.
Bg5 Nxg5 9. Nxg5 c6 10. Nxe7 Qxe7 11. gxf5 Qxe2+ 12. Bxe2 Bb4+ 13. Kf1 d5 14.
a3 Bd6 15. Bh5+ Kd7 16. Re1 Kc7 17. Nf7 Rf8 18. Rg1 Rg8 19. Nxd6 Kxd6 20. Bf7
Rf8 21. Rxg7 Bxf5 22. Bh5 Bxc2 23. Ree7 Bd3+ 1/2-1/2

[Event "FIDE TURNIR 2014"]
[Site "Ljubljana"]
[Date "2014.06.03"]
[Round "9.10"]
[White "Unuk, Jan"]
[Black "Drobnic, Simona"]
[Result "1-0"]
[WhiteElo "1570"]
[BlackElo "1412"]
[PlyCount "81"]
[EventDate "2014.06.11"]

1. d4 Nf6 2. c4 e6 3. Nf3 d5 4. Nc3 Be7 5. Bg5 O-O 6. e3 c6 7. Rc1 dxc4 8. Bxc4
b5 9. Bd3 Bb7 10. O-O a6 11. Qc2 h6 12. Bxf6 Bxf6 13. Ne4 Re8 14. Nc5 Qc7 15.
Be4 Rc8 16. a4 Be7 17. Nxb7 Qxb7 18. Ne5 bxa4 19. Nxc6 Nxc6 20. Bxc6 Qb6 21.
Qxa4 Ra7 22. Rc2 Qb4 23. Qa2 Qb6 24. Rfc1 Rac7 25. Qa4 a5 26. d5 exd5 27. Bxd5
Rxc2 28. Rxc2 Rxc2 29. Qxc2 Qd6 30. Qc4 Kf8 31. Qc8+ Bd8 32. Qf5 Bf6 33. g3 a4
34. Qc8+ Ke7 35. Bc6 Qd1+ 36. Kg2 Qd8 37. Qb7+ Ke6 38. e4 Qe7 39. Bd5+ Ke5 40.
Qb6 Qd6 41. f4# 1-0